|
|
|
|
| LEADER |
00653nab a2200181 i 4500 |
| 001 |
misc1613 |
| 005 |
20191106143635.0 |
| 008 |
170607s1912 hu o 0|| hun d |
| 040 |
|
|
|a SZTE Miscellanea Repozitórium
|b hun
|
| 041 |
|
|
|a hun
|
| 100 |
1 |
|
|a Lavedan Henri
|
| 245 |
1 |
0 |
|a Fiatalság
|h [elektronikus dokumentum] :
|b bolondság : jelenet /
|c Lavedan Henri
|
| 260 |
|
|
|c 1912
|
| 300 |
|
|
|a 1429-1433
|
| 490 |
0 |
|
|a Kultura [!Kultúra] : irodalmi, művészeti, kritikai képes havi folyóirat
|v 4 No. 23-24
|
| 695 |
|
|
|a Szépirodalom
|
| 700 |
0 |
1 |
|a Orbók Attila
|e aut
|
| 856 |
4 |
0 |
|u http://misc.bibl.u-szeged.hu/1613/1/kultura_004_023_024_1429-1433.pdf
|z Dokumentum-elérés
|